| 000 | 01247cam a22001814a 4500 | ||
|---|---|---|---|
| 005 | 20250605163927.0 | ||
| 008 | 250528s ||||||||||||||||||||||||d | ||
| 035 | _a14558 | ||
| 040 |
_aGR-AtMCL _bgre _dGR-AtMCL _eAACR2 |
||
| 245 | 1 | _aΨυχολογία Ατομικών Διαφορών | |
| 260 | _c1994 | ||
| 300 | _a210 | ||
| 520 | _aΣτο σύγραμμα αυτό επιχειρείται η περιγραφή και η ερμηνεία των διαφορών που παρουσιάζουν τα άτομα στα διάφορα χαρακτηριστικά τους. Πρόλογος, Περιεχόμενα, Βασικές Έννοιες της Ψυχολογίας των Ατομικών Διαφορών, Διαφορές στη Νοημοσύνη, Διαφορές στην Προσωπικότητα, Διαφορές στις Ειδικές Ικανότητες - Ενδοατομικές Διαφορές, Διαφορές Μεταξύ Ομάδων, Άτομα με Σημαντικές Αποκλίσεις, Βιβλιογραφία, Αλφαβητικό Ευρετήριο Περιεχομένων. | ||
| 700 | 1 |
_aΠαρασκευόπουλος Ιωάννης Μ _9202 |
|
| 942 | _cBK | ||
| 999 |
_c182 _d182 |
||